| 000 | 00572nam a2200157 a 4500 | ||
|---|---|---|---|
| 001 | 000035724 | ||
| 005 | 20200930074548.0 | ||
| 008 | 111109s19uu dr 000 0 spa d | ||
| 040 |
_aDO-SdBNP _bspa _cBNPHU |
||
| 082 |
_axxxx _bD295 |
||
| 245 | 0 | 3 | _aLa declaración de la independencia la constitución de los estados Unidos de América. |
| 260 |
_a[New York] : _bServicios Informativo y Cultural de los Estados Unidos de América, _cs. f.]. |
||
| 300 |
_a40 p. ; _c21 cm. |
||
| 590 | _aPerteneció a la biblioteca personal de Juan Isidro Jimenes Grullón | ||
| 049 | _aBNGR | ||
| 999 |
_c35215 _d35215 |
||